000
00307nam a22001217a 4500
082
_a
669 GRE'P
100
_a
WRIGHTON, HAROLD,GREAVES, RICHARD HENRY
_9
58372
245
_a
PRACTICAL MICROSCOPICAL METALLOGRAPHY
250
_a
4TH
260
_a
LONDON
_b
CHAPMAN & HARPER
_c
1960
300
_a
221P
942
_c
BK
999
_c
568568
_d
568568